Capital project and infrastructure spending (Record no. 115156)

MARC details
000 -LEADER
fixed length control field 00890cad a22001935a 4500
001 - CONTROL NUMBER
control field L158124
008 - FIXED-LENGTH DATA ELEMENTS--GENERAL INFORMATION
fixed length control field 140709s2014 xxk f 000 0 eng d
035 ## - SYSTEM CONTROL NUMBER
System control number (Sirsi) u158124
041 0# - LANGUAGE CODE
Language code of text/sound track or separate title eng
110 2# - MAIN ENTRY--CORPORATE NAME
Corporate name or jurisdiction name as entry element PWC
245 00 - TITLE STATEMENT
Title Capital project and infrastructure spending
Remainder of title Outlook to 2025
260 ## - PUBLICATION, DISTRIBUTION, ETC.
Name of publisher, distributor, etc. PWC
Date of publication, distribution, etc. 2014
520 ## - SUMMARY, ETC.
Summary, etc. Projected capital project and infrastructure spending for 49 countries that account for 90% of global economic output. Concludes that infrastructure spending is starting to increase again after the global financial crisis and is expected to grow significantly over the coming decade.
590 ## - LOCAL NOTE (RLIN)
Local note KA
651 #4 - SUBJECT ADDED ENTRY--GEOGRAPHIC NAME
Geographic name ENGLAND AND WALES
690 ## - LOCAL SUBJECT ADDED ENTRY--TOPICAL TERM (OCLC, RLIN)
Topical term or geographic name as entry element Infrastructure
9 (RLIN) 6246
856 40 - ELECTRONIC LOCATION AND ACCESS
Uniform Resource Identifier <a href="https://www.pwc.com/gx/en/capital-projects-infrastructure/publications/cpi-outlook/assets/cpi-outlook-to-2025.pdf">https://www.pwc.com/gx/en/capital-projects-infrastructure/publications/cpi-outlook/assets/cpi-outlook-to-2025.pdf</a>
Public note View the report free of charge at www.pwc.com
942 ## - ADDED ENTRY ELEMENTS (KOHA)
Suppress in OPAC 0
Holdings
Withdrawn status Lost status Source of classification or shelving scheme Damaged status Not for loan Home library Current library Shelving location Date acquired Total Checkouts Full call number Barcode Date last seen Copy number Price effective from Koha item type
    Dewey Decimal Classification     Virtual Virtual Online 09/07/2014   ONLINE PUBLICATION 158124-2001 06/08/2019 1 06/08/2019 Book